[Event "U.S. Amateur North"]
[Site "Detroit, MI"]
[Date "2003.05.18"]
[Round "4.2"]
[White "Sims, Chris"]
[Black "LaForge, Tom"]
[Result "0-1"]
[WhiteElo "1706"]
[BlackElo "1907"]
[Annotator "Don Vandivier"]
[PlyCount "66"]
[EventDate "2003.05.17"]

{French: Tarrasch} 1. e4 e6 2. d4 d5 3. Nd2 Nc6 4. Bb5 dxe4 5. Nxe4 Bd7 6. c3
Nf6 7. Qf3 Be7 8. Ne2 O-O 9. Nxf6+ Bxf6 10. Be3 {Black was threatening to win
a pawn, so White defends it again. DIAGRAM What should Black play?} Nxd4 $1 11.
Nxd4 Bxd4 12. Bxd4 Bxb5 13. Qg4 e5 14. Bxe5 f6 15. Qe6+ Kh8 16. Rd1 Qe8 17. Qd5
Qxe5+ 18. Qxe5 fxe5 19. Rd5 Bc6 20. Rxe5 Bxg2 21. Rg1 Rae8 22. f4 Rxe5+ 23.
fxe5 Bd5 24. Rg4 Re8 25. Rd4 Rxe5+ 26. Kd2 Bxa2 27. Rd8+ Bg8 28. Rc8 Rh5 29.
Rxc7 Rxh2+ 30. Kc1 g5 31. Rxb7 g4 32. Rb5 g3 33. Rg5 g2 0-1

[Event "U.S. Amateur North U1600"]
[Site "Detroit, MI"]
[Date "2003.05.18"]
[Round "5.3"]
[White "Saylor, Oliver"]
[Black "Aguilar, Javier"]
[Result "0-1"]
[WhiteElo "1427"]
[BlackElo "1292"]
[PlyCount "82"]
[EventDate "2003.05.17"]

1. e4 c6 2. d4 d5 3. Nd2 Nf6 4. e5 Ng8 5. Ngf3 e6 6. Bd3 c5 7. c3 cxd4 8. cxd4
Bb4 9. O-O Nc6 10. Bb5 Qb6 11. Bxc6+ Qxc6 12. Ng5 Ne7 13. Qg4 h6 14. Nh3 Nf5
15. Nf3 Qc2 16. Ne1 Qe4 17. Qh5 Qh4 18. Qxh4 Nxh4 19. a3 Ba5 20. Nf4 Nf5 21.
Ned3 Nxd4 22. Be3 Nc2 23. Rac1 Nxe3 24. fxe3 Bb6 25. Rf3 Bd7 26. Nh5 O-O 27.
Rg3 Kh8 28. Re1 g6 29. Nf6 Bb5 30. Nf2 Rac8 31. Nh3 Rc2 32. Nf4 Kg7 33. b3 Rfc8
34. a4 Rc1 35. N4h5+ Kf8 36. Kf2 R8c2+ 37. Kf3 Rxe1 38. Nh7+ Ke7 39. axb5 Rxe3+
40. Kf4 Re4+ 41. Kf3 Rc3# 0-1

[Event "U.S. Amateur North U1600"]
[Site "Detroit, MI"]
[Date "2003.05.18"]
[Round "5.6"]
[White "Ricks, Breon"]
[Black "Holden, Anthony"]
[Result "1/2-1/2"]
[WhiteElo "1160"]
[BlackElo "1500"]
[PlyCount "87"]
[EventDate "2003.05.17"]

1. e4 c5 2. Bc4 Nc6 3. Nc3 a6 4. Qh5 e6 5. Nf3 b5 6. Be2 Nf6 7. Qh4 Be7 8. Qg5
Nb4 9. O-O Nxc2 10. Rb1 b4 11. Na4 Nxe4 12. Qxg7 Bf6 13. Qg4 d5 14. d3 h5 15.
Qf4 e5 16. Nxe5 Nd4 17. Bd1 Qd6 18. Nxf7 Qxf4 19. Bxf4 Bd7 20. dxe4 Bxa4 21.
Nxh8 Bxd1 22. Rbxd1 Ne2+ 23. Kh1 Nxf4 24. g3 dxe4 25. gxf4 Bxh8 26. b3 Kf7 27.
Rd5 Bd4 28. Rxh5 a5 29. Kg2 a4 30. Re1 axb3 31. axb3 Ra2 32. Rb1 Rxf2+ 33. Kg3
e3 34. h4 Rc2 35. Rg5 Rc3 36. Kf3 Rc2 37. Rg2 Rc3 38. h5 e2+ 39. Kxe2 Rh3 40.
Rg5 Kf6 41. Rd5 Re3+ 42. Kd2 Rf3 43. h6 Rxf4 44. Rh1 1/2-1/2

[Event "U.S. Amateur North U1600"]
[Site "Detroit, MI"]
[Date "2003.05.18"]
[Round "5.4"]
[White "Rayon, Shawn"]
[Black "Ramsey, Chris"]
[Result "1-0"]
[WhiteElo "1534"]
[BlackElo "1049"]
[PlyCount "57"]
[EventDate "2003.05.17"]

1. c4 c5 2. d3 Nc6 3. Nf3 Nf6 4. Nc3 g6 5. g3 e6 6. Bg2 Bg7 7. a3 b6 8. Nb5 Bb7
9. Nd6+ Kf8 10. Nxb7 Qc7 11. Nxc5 bxc5 12. O-O d5 13. cxd5 exd5 14. Bf4 Qd7 15.
Rb1 Ke7 16. Qc2 c4 17. dxc4 dxc4 18. Ne5 Nxe5 19. Bxa8 Nc6 20. Bxc6 Qxc6 21.
Bg5 Rb8 22. e4 Kf8 23. Rfe1 Nxe4 24. Qxe4 Qxe4 25. Rxe4 Rxb2 26. Rxb2 Bxb2 27.
Bh6+ Bg7 28. Bxg7+ Kxg7 29. Rxc4 1-0

[Event "U.S. Amateur North U1600"]
[Site "Detroit, MI"]
[Date "2003.05.18"]
[Round "4.4"]
[White "Ramsey, Chris"]
[Black "Saylor, Oliver"]
[Result "1/2-1/2"]
[WhiteElo "1049"]
[BlackElo "1427"]
[PlyCount "107"]
[EventDate "2003.05.17"]

1. c4 c5 2. Nc3 Nc6 3. e4 Nf6 4. Nf3 b6 5. g3 Bb7 6. Bg2 e6 7. d3 Be7 8. O-O
O-O 9. Bg5 h6 10. Bxf6 Bxf6 11. e5 Nxe5 12. Nxe5 Bxg2 13. Kxg2 Bxe5 14. Qd2 Qc7
15. Ne2 Rad8 16. Rab1 f5 17. f4 Bf6 18. b3 d6 19. d4 cxd4 20. Nxd4 Bxd4 21.
Qxd4 Qc6+ 22. Kg1 e5 23. fxe5 dxe5 24. Qxe5 Qc5+ 25. Qxc5 bxc5 26. Rbd1 a5 27.
Rxd8 Rxd8 28. Rxf5 Rd1+ 29. Rf1 Rd2 30. Rf2 Rd7 31. Re2 Kf7 32. Kf2 g5 33. Re5
Rd2+ 34. Re2 Rd6 35. Kf3 Rd4 36. Ke3 Kf6 37. Rf2+ Kg6 38. Rd2 Rxd2 39. Kxd2 Kf5
40. Ke3 Kg4 41. Ke4 Kh3 42. Kd5 Kxh2 43. Kxc5 Kxg3 44. Kb5 h5 45. c5 h4 46. c6
h3 47. c7 h2 48. c8=Q h1=Q 49. Qc7+ Kg4 50. Qc4+ Kh5 51. Kxa5 Qe1+ 52. b4 Qe5+
53. Qc5 Qe8 54. a4 1/2-1/2

[Event "U.S. Amateur North U1600"]
[Site "Detroit, MI"]
[Date "2003.05.18"]
[Round "5.8"]
[White "McShan, Kwame"]
[Black "Johnson, Marshall"]
[Result "0-1"]
[WhiteElo "996"]
[BlackElo "1293"]
[Annotator "Marshall Johnson"]
[PlyCount "78"]
[EventDate "2003.05.17"]

1. d4 Nf6 2. Nf3 g6 3. Bg5 Bg7 4. Bxf6 $6 Bxf6 5. e3 c5 6. c3 cxd4 7. exd4 a6
$6 $14 8. Bd3 b5 9. O-O d5 $2 $16 {Gaping hole at c5.} 10. Nbd2 Nc6 11. Qe2 b4
12. Nb3 bxc3 13. bxc3 O-O 14. Nc5 a5 $2 15. Rab1 Rb8 16. Ba6 $6 Qc7 17. Bxc8
Rxb1 18. Rxb1 Rxc8 19. Rb7 Qf4 20. Nd3 Qd6 $6 21. Nc5 Nxd4 $4 {Black is tired
of defending and wants to interview the tournament winner and go home!
Therefore he just can't wait to perpetrate this pretty, but horribly unsound
sac upon this position.} 22. cxd4 Bxd4 23. Nxd4 Qxc5 24. Nb3 Qc3 {This is the
position that Black saw clearly before the 21st move -- but there's nothing
here!} 25. Nd2 {So passive! White should leave the Nb3 where it's holding
everything together.} ({He should play something offensive, like} 25. Rxe7 $1
d4 26. Re8+ Rxe8 27. Qxe8+ Kg7 28. Qe5+ f6 29. Qxa5 $18) 25... Qa1+ 26. Nf1 e6
27. Qf3 Rf8 $6 28. Qb3 Kg7 29. Ra7 Rc8 $6 30. Qb7 $5 Rf8 31. Rxa5 d4 32. g3 $6
d3 33. Kg2 $2 Qc3 34. Rb5 d2 35. Ne3 $4 {The win is pretty simple after:} (35.
Rb1 $1 {after which Ne3 is the answer to ...Rd8 or ...Qc1}) 35... Qxe3 $1 36.
Rb1 $4 Qe1 37. Qb2+ Kg8 38. Qc2 Rd8 39. Qc3 $4 {Even with the best defense
White is lost. He simpy tried too hard to win. Best was:} (39. Rd1 Qe2 40. a4
Rd3 41. h3 Qe4+ 42. Kh2 Qd4 43. Kg2 h5 44. h4 Qe4+ 45. Kh2 Qe2 46. Kg1 e5 47.
Kg2 Rf3 48. Rf1 d1=Q 49. Qxd1 (49. Qxe2 $2 Qxe2 $19) 49... Rxf2+ 50. Rxf2 Qxd1
$19) 39... Qe4+ 0-1

[Event "U.S. Amateur North U1600"]
[Site "Detroit, MI"]
[Date "2003.05.18"]
[Round "5.2"]
[White "Mandell, Ed"]
[Black "Collins, Michael"]
[Result "0-1"]
[WhiteElo "1243"]
[BlackElo "1416"]
[PlyCount "120"]
[EventDate "2003.05.17"]

1. d4 Nf6 2. Nf3 d5 3. e3 g6 4. Nbd2 Bg7 5. b3 Nbd7 6. Bb2 c5 7. c3 a6 8. Bd3
b5 9. c4 bxc4 10. bxc4 cxd4 11. exd4 dxc4 12. Nxc4 O-O 13. O-O Nd5 14. Qd2 N7b6
15. Rfe1 Nxc4 16. Bxc4 e6 17. Bd3 Bb7 18. Rab1 Bc6 19. Ne5 Qd6 20. Qa5 Rfb8 21.
Rec1 Bb5 22. Ba3 Qb6 23. Qxb6 Rxb6 24. Bxb5 axb5 25. Bc5 Rb7 26. a3 Bf8 27. Rb3
Ra4 28. Bxf8 Kxf8 29. Rc8+ Kg7 30. Nc6 b4 31. Nxb4 Rb6 32. Rc4 Nxb4 33. Rcxb4
Rbxb4 34. Rxb4 Rxa3 35. g4 Rd3 36. Kg2 Kf6 37. h4 h6 38. f3 Ke7 39. Kf2 Rd1 40.
Ke3 Rh1 41. Rb7+ Kf8 42. Kf4 Rxh4 43. Ke5 Rh3 44. f4 Kg7 45. f5 gxf5 46. gxf5
Rh5 47. Ke4 Rxf5 48. Rc7 h5 49. Rc5 Kf6 50. Rxf5+ exf5+ 51. Kf4 h4 52. d5 Ke7
53. Kf3 Kd6 54. Kg2 Kxd5 55. Kf3 Ke5 56. Kg2 Kf4 57. Kf2 Kg4 58. Kg2 f4 59. Kf2
h3 60. Kg1 Kg3 0-1

[Event "U.S. Amateur North"]
[Site "Detroit, MI"]
[Date "2003.05.18"]
[Round "5.1"]
[White "LaForge, Tom"]
[Black "Davidovich, Manis"]
[Result "0-1"]
[WhiteElo "1907"]
[BlackElo "2117"]
[PlyCount "62"]
[EventDate "2003.05.17"]

1. e4 d5 2. exd5 Nf6 3. d4 Bg4 4. Nf3 Nxd5 5. Be2 e6 6. O-O Bd6 7. h3 Bf5 8. c4
Nf4 9. Bxf4 Bxf4 10. Nc3 h5 11. d5 e5 12. Re1 Qf6 13. Bf1 g5 14. Qd4 Nd7 15.
Rxe5+ Nxe5 16. Re1 O-O-O 17. Nxe5 Rhe8 18. Qxa7 Rxe5 19. Rxe5 Bxe5 20. Qa8+ Kd7
21. Qxb7 Bxc3 22. Qb5+ Ke7 23. bxc3 Qe5 24. d6+ cxd6 25. Qc6 Qe1 26. Qf3 Rb8
27. Qd5 Kd7 28. Qa5 Rb1 29. Qa7+ Ke8 30. Qa8+ Ke7 31. Qa7+ Kf8 0-1

[Event "U.S. Amateur North"]
[Site "Detroit, MI"]
[Date "2003.05.18"]
[Round "4.1"]
[White "Kahn, Aaron"]
[Black "Davidovich, Manis"]
[Result "0-1"]
[WhiteElo "1934"]
[BlackElo "2117"]
[Annotator "Don Vandivier"]
[PlyCount "80"]
[EventDate "2003.05.17"]

{English: Agincourt} 1. c4 e6 2. e4 d5 3. exd5 exd5 4. cxd5 Nf6 5. Bb5+ Nbd7 6.
Nc3 a6 7. Ba4 b5 8. Bb3 Bb7 9. Nf3 Bd6 10. O-O O-O 11. a3 Nb6 12. d4 Nfxd5 13.
Bc2 f5 14. Re1 h6 15. g3 Qf6 16. Ne5 {DIAGRAM What would you play for Black?
Now Manis finds a nice way to mop up White's pawns.} Nxc3 17. bxc3 Bxe5 18.
Rxe5 Qc6 19. f3 Qxc3 20. Bf4 Bxf3 21. Bb3+ Kh8 22. Rc1 Bxd1 23. Rxc3 Bxb3 24.
Rxb3 g5 25. Bd2 Nc4 26. Re2 Rfe8 27. Rxe8+ Rxe8 28. Bb4 Re3 29. Rxe3 Nxe3 30.
Kf2 Nd5 31. Bf8 Kh7 32. Ke2 Kg6 33. Kf3 h5 34. Bc5 g4+ 35. Ke2 f4 36. gxf4
Nxf4+ 37. Ke3 Kf5 38. Bf8 h4 39. Bg7 g3 40. hxg3 h3 0-1

[Event "U.S. Amateur North U1600"]
[Site "Detroit, MI"]
[Date "2003.05.18"]
[Round "4.10"]
[White "Johnson, David"]
[Black "Jones, Cedric"]
[Result "0-1"]
[WhiteElo "702"]
[BlackElo "967"]
[Annotator "Marshall Johnson"]
[PlyCount "120"]
[EventDate "2003.05.17"]

1. Nf3 Nc6 2. g3 $6 {Allowing 2...e5, not good. Better is:} (2. d4 $1 $14 {+.33
}) 2... e5 $1 $15 {-.23} 3. d3 Nf6 4. Bg2 d5 5. c4 $6 dxc4 6. O-O $4 {Huh?
White did have good moves available, like:} (6. Qa4 $1 Qe7 (6... cxd3 $2 7.
Nxe5 $1 $11)) 6... cxd3 7. Qxd3 Bd6 $2 (7... Qxd3 8. exd3 Be6 $19 {-1.66}) 8.
Nbd2 O-O 9. Nc4 $4 e4 $19 {-3.37} 10. Qd2 exf3 11. Bxf3 Re8 12. Nxd6 Qxd6 13.
Qxd6 cxd6 14. Bf4 d5 15. e3 Be6 16. a3 Rad8 $19 {-4.50} 17. Bc7 $2 Rd7 18. Bf4
$19 {-5.30 -- Weren't you here a minute ago? This maneuver not only wasted a
move but gave Black enough time to trap the B, who is unwisely surrounded by
pawns.} h6 19. b4 g5 20. b5 $1 Na5 21. Be5 Bg4 22. Bxg4 Nxg4 23. Bc3 b6 24. h3
Ne5 25. f4 Nec4 26. fxg5 Nb3 27. Rae1 hxg5 28. Rf5 Ncd2 29. Rxg5+ Kf8 $4 $11 ({
After:} 29... Kh7 {White has nothing better than:} 30. Bxd2 Nxd2 31. Kg2 d4 $19
{-5.42}) 30. Bg7+ $5 Ke7 $2 ({After the logic defying move:} 30... Kg8 $1 {
White has nothing better than:} 31. Bc3+ Kh7 32. Rf5 d4 $19 {-5.34}) 31. Re5+
$1 Kd6 $2 (31... Kd8 32. Bf6+ Rde7 33. Bxe7+ Rxe7 34. Rxd5+ Ke8 35. Re2 $16 {
+.77}) 32. Rxe8 Nf3+ 33. Kf2 Nxe1 34. Kxe1 $18 {+1.52 -- White has a won game
according to Jr.8!} Kc5 35. h4 f5 36. h5 $4 {Unbelievable -- White just drops
his B for no reason whatsoever, he of course, has an easy win after:} (36. Rg8
Kxb5 37. h5 Rc7 38. h6 Rc1+ 39. Ke2 Rh1 40. Kf3 Nc5 41. Kf4 Rh5 42. Ke5 Ka4 43.
Ra8 a5 44. Kf6 Ne4+ 45. Kg6 Rg5+ 46. Kh7 Kxa3 47. Kg8 Rxg3 48. Rf8 Ng5 49. Rxf5
a4 50. Be5 Rg1 51. Bf6 Ne4+ 52. Bg7 Ng5 53. Rxd5 Ne4 54. Rd3+ Ka2 55. Rd4 Nf6+
56. Kf7 Nh7 57. Rxa4+ Kb3 58. Ra6 b5 59. Kg8 Ng5 60. Rg6 Nh3 61. Rxg1 Nxg1 62.
h7 b4 63. h8=Q $18 {+13.85 -- Now that was easy wasn't it?}) 36... Rxg7 37. Rh8
Rxg3 38. h6 Rh3 39. h7 Kxb5 40. Kf2 $19 {-4.97} d4 $2 41. exd4 Nxd4 42. Rd8 $1
Rxh7 43. Rxd4 Kc5 $19 {-2.65} 44. Ra4 $6 Kb5 45. Rb4+ Kc5 46. Ra4 Kd5 47. Rf4
Ke5 48. Ke3 $4 {Now Black can force the R's off the board & the win becomes
child's play.} Rh3+ $19 {-11.84} 49. Rf3 Rxf3+ 50. Kxf3 b5 51. Ke3 Kd5 52. Kd3
f4 53. Ke2 Kc4 54. Kd2 Kb3 55. Ke1 Kxa3 56. Kd1 f3 57. Kc2 f2 58. Kd2 f1=Q 59.
Kc2 Qc4+ 60. Kd1 Kb3 {White Resigns} 0-1

[Event "U.S. Amateur North U1600"]
[Site "Detroit, MI"]
[Date "2003.05.18"]
[Round "5.10"]
[White "Johnson, David"]
[Black "Dixon, Decarlos"]
[Result "0-1"]
[WhiteElo "702"]
[BlackElo "433"]
[PlyCount "120"]
[EventDate "2003.05.17"]

1. Nf3 Nc6 2. g3 e5 3. d3 d6 4. Bg2 Nf6 5. Bg5 Be7 6. O-O O-O 7. c4 e4 8. dxe4
Nxe4 9. Bxe7 Qxe7 10. Nbd2 Bf5 11. Qc2 Nb4 12. Qb3 Nxd2 13. Nxd2 c5 14. a3 Nc2
15. Rad1 Qxe2 16. Bf3 Qd3 17. Qxd3 Bxd3 18. Bxb7 Rab8 19. Be4 Be2 20. Bxc2 Bxd1
21. Rxd1 Rxb2 22. Rc1 Re8 23. Nf3 Re2 24. Bd3 Rxf2 25. Rf1 Rxf1+ 26. Kxf1 Rb3
27. Ke2 Rxa3 28. Ng5 Ra2+ 29. Ke3 h6 30. Ne4 a5 31. Bb1 Rxh2 32. Nxd6 a4 33.
Ne4 Rh5 34. g4 Rh4 35. Nxc5 a3 36. Nd7 Rxg4 37. c5 Rg1 38. Ba2 Ra1 39. Bd5 h5
40. c6 h4 41. c7 Rc1 42. Bxf7+ Kxf7 43. Ne5+ Kg8 44. c8=Q+ Rxc8 45. Ng6 a2 46.
Ne7+ Kf7 47. Nxc8 a1=Q 48. Nd6+ Ke6 49. Ne4 Kd5 50. Nd2 Qd4+ 51. Ke2 Qb2 52.
Kd3 Qd4+ 53. Kc2 Qe3 54. Ne4 Kd4 55. Kb2 Kc4 56. Nd6+ Kb4 57. Nf5 Qb3+ 58. Kc1
Qa2 59. Nxh4 Kc3 60. Kd1 Qd2# 0-1

[Event "U.S. Amateur North"]
[Site "Detroit, MI"]
[Date "2003.05.18"]
[Round "4.4"]
[White "Jarosz, Stan"]
[Black "Sobh, Hassan"]
[Result "1-0"]
[WhiteElo "2010"]
[BlackElo "1829"]
[PlyCount "121"]
[EventDate "2003.05.17"]

1. d4 Nf6 2. c4 e5 3. dxe5 Ng4 4. Nf3 Nc6 5. e3 Ngxe5 6. Be2 d6 7. O-O Be6 8.
b3 Qf6 9. Qd2 Nxf3+ 10. Bxf3 Qxa1 11. Nc3 Be7 12. Bb2 Qxf1+ 13. Kxf1 O-O 14.
Nb5 Rfc8 15. Bxc6 bxc6 16. Nd4 Bd7 17. Ne2 Rab8 18. Ng3 Be6 19. Nh5 f6 20. Qd4
Bf7 21. g4 c5 22. Qe4 Re8 23. Qf4 Bd8 24. Bc3 Rb6 25. Ng3 Ra6 26. h4 Rxa2 27.
g5 fxg5 28. hxg5 Rc2 29. Be1 Bg6 30. Nf5 Bxf5 31. Qxf5 Rb2 32. Qd5+ Kh8 33. Qf7
Rg8 34. g6 h6 35. Ba5 Rxb3 36. Bxc7 Bxc7 37. Qxc7 Rgb8 38. Qxd6 a5 39. Qc6 R3b4
40. Qxc5 a4 41. Qa7 Rc8 42. c5 Rc4 43. Qd7 R4xc5 44. Qxa4 R5c6 45. Qe4 Rd6 46.
Kg2 Kg8 47. f4 Rdc6 48. f5 Rf6 49. Qe5 Rcf8 50. e4 Kh8 51. Qe7 Kg8 52. Qd7 Kh8
53. Kg3 Ra8 54. e5 Rb6 55. f6 Ra3+ 56. Kf4 Rb4+ 57. Kf5 Rf3+ 58. Ke6 Rb6+ 59.
Ke7 Rb8 60. f7 Re3 61. Qe8+ 1-0

[Event "U.S. Amateur North U1600"]
[Site "Detroit, MI"]
[Date "2003.05.18"]
[Round "4.7"]
[White "Holden, Anthony"]
[Black "Johnson, Marshall"]
[Result "1-0"]
[WhiteElo "1500"]
[BlackElo "1293"]
[Annotator "Marshall Johnson"]
[PlyCount "103"]
[EventDate "2003.05.17"]

1. d4 Nf6 2. e3 g6 3. Bd3 Bg7 4. c3 {The dreaded Detroit Attack!! Half the
Detroit guys seem to play this primitive crap.} d6 {Probably better is a d5,
c5 setup.} 5. Nd2 O-O 6. f4 Na6 7. Ngf3 c5 8. h3 $15 cxd4 9. exd4 Bd7 10. Qe2
Nc7 11. Ng5 b5 12. f5 Rb8 13. b3 Nfd5 14. Qg4 $2 Ne3 $6 15. Qf3 Nxf5 16. h4 $4
({I must have spent 20 minutes analyzing the ramifications of} 16. g4 {before
making my 14th move -- this was a gift!}) 16... e5 $6 17. Bxf5 Bxf5 18. g4 Bd7
19. Nde4 Bc6 {I don't know why Fritz doesn't like this move, I thought it was
killer.} 20. h5 exd4 21. hxg6 fxg6 $19 22. Qh3 h6 23. Kd1 Qe7 24. Re1 $19 Bxe4
$4 {AAaarrgh -- the beginning of the end.} ({After} 24... dxc3 25. Nxc3 Qf6 26.
Bd2 hxg5 $19 {Black's king is safe, White's king is a mess, Black's got a
piece, better pawns, and a huge initiative in the center.}) 25. Nxe4 dxc3 $2
26. Bxh6 Bxh6 $2 27. Qxh6 Qg7 28. Qxg7+ Kxg7 29. Nxc3 Rf4 $2 30. Kd2 Rbf8 31.
g5 Rg4 32. Ne4 Rd8 $2 {Very passive.} ({Much better is} 32... Ne6 $1 $19 {
nringing the knight out of the c7 prison that is his death sentence in this
alternate world.} 33. Nxd6 $2 Rd4+ $19) 33. Rac1 Rd7 $4 {Owww! Six question
marks after my killer position on move 24, I have finally managed to degrade
my position into a lost game. It's not the first rook fork that's a problem,
it's the one on move 39!} 34. Kd3 d5 {I want you on f6, I need you on f6!} 35.
Nf6 Rg3+ 36. Kd2 Rg2+ 37. Kd1 Rf7 38. Rxc7 $1 {Huh? Oh yeah, I get it. Nice
game.} Rxc7 (38... Rxg5 $1 39. Ne8+ Kg8 $18 {is better.}) 39. Ne8+ Kf7 40. Nxc7
Rxa2 41. Rf1+ Ke7 $2 (41... Kg8 {offers more resistance.}) 42. Rf6 Rb2 43.
Nxd5+ Kd7 44. Rxg6 $2 Rxb3 45. Nf6+ Ke7 $2 (45... Kd6 46. Kc2 Rf3 47. Nh7+ Kc7
$18) 46. Rg7+ Kf8 47. Rxa7 Rg3 48. Nh7+ Kg8 49. Ke2 $1 b4 50. Kf2 Rd3 $2 (50...
Ra3 $1 51. Rb7 Ra2+ 52. Ke3 Ra6 53. Nf6+ Kf8 54. Kf4 b3 55. Nd7+ Ke8 56. Nc5
Ra1 57. Nxb3 Rf1+ 58. Ke5 $18 {offers more resistance.}) 51. Nf6+ Kh8 $4 ({
However, mate is forced even after:} 51... Kf8 52. g6 Rd2+ 53. Ke3 Re2+ 54.
Kxe2 b3 55. g7#) 52. Rh7# {Another huge victory in the opening given away in
the midst of complications. ??} 1-0

[Event "U.S. Amateur North"]
[Site "Detroit, MI"]
[Date "2003.05.18"]
[Round "5.4"]
[White "Ho, Randy"]
[Black "Vandivier, Don"]
[Result "0-1"]
[WhiteElo "1888"]
[BlackElo "1892"]
[PlyCount "64"]
[EventDate "2003.05.17"]

1. e4 c5 2. c3 Nf6 3. e5 Nd5 4. Nf3 d6 5. exd6 e6 6. Bc4 Bxd6 7. O-O O-O 8. d3
b6 9. Nbd2 Bb7 10. Ne4 Be7 11. Re1 Nd7 12. Qe2 N7f6 13. Bg5 Nxe4 14. Bxe7 Nexc3
15. bxc3 Qxe7 16. Qe5 Qf6 17. Qe4 Rab8 18. Qg4 Nxc3 19. Ne5 Rbd8 20. Re3 Rd4
21. Qg3 Qf4 22. Rae1 Qxg3 23. hxg3 Rfd8 24. Nxf7 Kxf7 25. Rxe6 Bd5 26. Re7+ Kf8
27. Rxa7 Bxc4 28. Ree7 Bxa2 29. Rxg7 Bg8 30. f4 Nb5 31. Rab7 Nd6 32. Ra7 Nf7
0-1

[Event "U.S. Amateur North"]
[Site "Detroit, MI"]
[Date "2003.05.18"]
[Round "4.3"]
[White "Ho, Randy"]
[Black "Gadson, Joseph"]
[Result "0-1"]
[WhiteElo "1888"]
[BlackElo "1793"]
[PlyCount "125"]
[EventDate "2003.05.17"]

1. e4 c5 2. c3 d5 3. exd5 Qxd5 4. d4 e5 5. dxe5 Qxe5+ 6. Qe2 Nc6 7. Nf3 Qxe2+
8. Bxe2 Be6 9. Bf4 Nf6 10. O-O Nd5 11. Bg3 f5 12. Re1 O-O-O 13. Bd3 Nc7 14. Bc2
Bd6 15. Ng5 f4 16. Bh4 Rde8 17. Nxe6 Nxe6 18. Bf5 Ne5 19. Na3 g5 20. Bxg5 Rhg8
21. Bxf4 Nf3+ 22. Kh1 Nxe1 23. Bxd6 Rg5 24. Be4 Nd3 25. Bxd3 Rd5 26. Bxh7 Rxd6
27. Nc4 Rd7 28. Bf5 b5 29. Ne3 Rd2 30. Re1 Kb8 31. Nf1 Rxf2 32. Ng3 Ng7 33.
Rxe8+ Nxe8 34. h4 Rf4 35. h5 Nf6 36. Bg6 Ng4 37. Kg1 Rf8 38. Ne4 c4 39. Nc5 Rd8
40. Kf1 Rd2 41. Be4 Kc7 42. Bf3 Nh2+ 43. Kg1 Nxf3+ 44. gxf3 Rd5 45. Ne6+ Kd6
46. Nd4 Rxh5 47. Kg2 a6 48. Kg3 Rh1 49. Kg4 Ra1 50. a3 Rb1 51. Kf5 Rxb2 52. f4
Rb3 53. Kg6 Rxc3 54. Kf7 Kd5 55. Ne6 Rf3 56. Ke7 Re3 57. f5 c3 58. Kd7 Rxe6 59.
fxe6 c2 60. e7 c1=Q 61. e8=Q Qc6+ 62. Kd8 Qxe8+ 63. Kxe8 0-1

[Event "U.S. Amateur North U1600"]
[Site "Detroit, MI"]
[Date "2003.05.18"]
[Round "4.2"]
[White "Grzegorczyk, Ron"]
[Black "Wilder, Derek"]
[Result "1-0"]
[WhiteElo "1590"]
[BlackElo "1504"]
[PlyCount "61"]
[EventDate "2003.05.17"]

1. e4 d5 2. exd5 Qxd5 3. Nc3 Qa5 4. d4 Nf6 5. Nf3 Bg4 6. Be2 e6 7. O-O Nbd7 8.
Ne5 Bxe2 9. Qxe2 c6 10. a3 Bd6 11. f4 O-O 12. Ne4 Nxe4 13. Qxe4 Nf6 14. Qe2 Qb6
15. Kh1 c5 16. dxc5 Bxc5 17. b4 Bd4 18. Rb1 Bxe5 19. fxe5 Nd5 20. c4 Nc3 21.
Qg4 Kh8 22. Rb3 Na4 23. Rg3 g6 24. Bh6 Qc7 25. Qf4 f5 26. Bxf8 Rxf8 27. Rd3 Nb6
28. Rfd1 Qxc4 29. Qh6 Qc8 30. Rd7 Nxd7 31. Rxd7 1-0

[Event "U.S. Amateur North U1600"]
[Site "Detroit, MI"]
[Date "2003.05.18"]
[Round "5.1"]
[White "Grzegorczyk, Ron"]
[Black "Durbin, Ricky"]
[Result "1/2-1/2"]
[WhiteElo "1590"]
[BlackElo "1579"]
[Annotator "Don Vandivier"]
[PlyCount "69"]
[EventDate "2003.05.17"]

{Sicilian: Scheveningen} 1. e4 c5 2. Nf3 d6 3. d4 cxd4 4. Nxd4 Nf6 5. Nc3 a6 6.
Be3 e6 7. Bd3 Be7 8. O-O Qc7 9. f4 Nbd7 10. f5 e5 11. Nb3 b5 12. g4 h6 13. Rf2
Bb7 14. Nd2 b4 15. Na4 Bc6 16. b3 d5 17. exd5 Nxd5 18. Nc4 Nxe3 19. Nxe3 Bh4 $1
{Black will win at least the exchange.} 20. Rd2 Bg5 21. Qe2 Bb7 $6 ({Black has
a crushing line after} 21... Qa7 $1 22. Re1 h5 $1 23. gxh5 e4 24. Bc4 Ne5) 22.
Bc4 Nf6 23. Rad1 O-O 24. Rd6 Rad8 25. Rxd8 Rxd8 26. Rxd8+ Qxd8 {Now White has
to play Nb2 or Nc5.} 27. h3 $2 Qd4 $1 28. Kf2 Qf4+ $6 (28... Ne4+ $1 {leads to
a crushing attack, which wins the White queen.}) 29. Ke1 Bh4+ $2 (29... Bf3 $1
30. Ng2 Bxg2 31. Qxg2 Ne4 32. Qe2 Bh4+ 33. Kd1 Nf2+) 30. Kd2 Qd4+ 31. Qd3 Ne4+
32. Ke2 Ng3+ 33. Kd2 Ne4+ (33... Bg5 {still wins a piece.}) 34. Ke2 Ng3+ 35.
Kd2 {Draw agreed.} 1/2-1/2

[Event "U.S. Amateur North"]
[Site "Detroit, MI"]
[Date "2003.05.18"]
[Round "5.2"]
[White "Gadson, Joseph"]
[Black "Jarosz, Stanley"]
[Result "1-0"]
[WhiteElo "1793"]
[BlackElo "2010"]
[Annotator "Don Vandivier"]
[PlyCount "91"]
[EventDate "2003.05.17"]

{Sicilian: Closed (Zukertort)} 1. e4 c5 2. Nc3 Nc6 3. f4 g6 4. Nf3 Bg7 5. Bb5
Nd4 6. Bd3 e6 7. e5 $5 {An interesting idea. Black will have difficulty
keeping the White queen's knight out of the d6 square.} d5 ({Challenging the
e5 pawn with} 7... d6 {would have stopped the threatening variation that is
now played.}) 8. Nxd4 cxd4 9. Nb5 Qb6 10. Nd6+ Kf8 11. O-O Ne7 12. g4 Nc6 $6 (
12... Bd7 {was playable.}) 13. Qf3 h5 {DIAGRAM} 14. b4 $5 {A stunning pawn
sacrifice, which Black correctly declines.} hxg4 15. Qxg4 Ne7 (15... Nxb4 $2
16. Rb1 Qa5 17. Bxg6 $3) ({or} 15... Qxb4 $2 16. Bxg6 $3) 16. Ba3 Nf5 17. b5
Kg8 18. Bxf5 exf5 19. Qg5 Be6 20. d3 Qa5 21. Bb2 Rh5 22. Qg2 Qb4 $6 23. Rfb1
Rh4 24. Qf2 Rh5 ({Looks like Black wanted to play} 24... Rg4+ {but then
realized after the king moves, h3 will trap the rook.}) 25. Bxd4 Qa5 26. Nxb7
Qc7 27. Nc5 Rc8 28. Nxe6 fxe6 29. Bxa7 Qxc2 {Black may have ideas of catching
the king in a perpetual threat with the two rooks.} 30. Qxc2 Rxc2 31. Bf2 g5
32. b6 gxf4 33. d4 Rg5+ 34. Kf1 f3 35. b7 Rg2 36. b8=Q+ Kh7 37. Bg1 Rcd2 38.
Rc1 Rb2 39. Qxb2 Rxb2 40. a4 Bh6 41. Rcb1 Rc2 42. a5 Bd2 43. a6 f4 44. a7 Be3
45. Rb7+ Kg6 46. a8=Q 1-0